Semantic Media Adaptation and Personalization, 4th International Workshop, San Sebastian, Spain, 14-15 December 2009
Saved in:
| Other Authors: | , , |
|---|---|
| Format: | Book |
| Published: |
Los Alamitos :
IEEE Computer Society,
2009
|
| Tags: |
No Tags, Be the first to tag this record!
|
MARC
| LEADER | 00000nam a22000003a 4500 | ||
|---|---|---|---|
| 001 | stu197434 | ||
| 005 | 20150617230035.5 | ||
| 008 | 091218s2009----xxu---------------------d | ||
| 020 | |a 978-0-7695-3894-5 | ||
| 040 | |a STU |b slo | ||
| 041 | 0 | ||
| 044 | |a xxu | ||
| 100 | 1 | |a Mylonas, Phivos |4 edt | |
| 245 | 1 | |a Semantic Media Adaptation and Personalization, 4th International Workshop, San Sebastian, Spain, 14-15 December 2009 | |
| 260 | |a Los Alamitos : |b IEEE Computer Society, |c 2009 | ||
| 300 | |a 129 s | ||
| 700 | 1 | |a Wallace, Manolis |4 edt | |
| 700 | 1 | |a Anagnostopoulos, Ioannis |4 edt | |
| 996 | |b IZ553 |c I*Z553 |l II680 |s A |a 24 |w stu197434_0001 | ||